000
00244 a2200109 4500
001
63253
082
_a
510 TAH
090
_c
37318
_d
37318
100
_a
Blazek, J.
245
_a
Collision of particles
260
_a
Lahore
_b
Ilmi Kitab Khana
_c
2004
942
_a
NUST-CAE
_k
510 TAH
999
_c
298326
_d
298326